Ingeniería Estructural : Volumen 1. Introducción a los conceptos de análisis y diseño (Registro nro. 1002)
[ vista simple ]
| 000 -LEADER | |
|---|---|
| fixed length control field | 00977nam a2200277Ia 4500 |
| 005 - DATE AND TIME OF LATEST TRANSACTION | |
| control field | 20251020182456.0 |
| 008 - FIXED-LENGTH DATA ELEMENTS--GENERAL INFORMATION | |
| fixed length control field | 200515s9999 xx 000 0 und d |
| 082 ## - DEWEY DECIMAL CLASSIFICATION NUMBER | |
| Classification number | 624.04/W62/v.1 |
| 100 ## - MAIN ENTRY--PERSONAL NAME | |
| Personal name | Gergely, Peter |
| 100 ## - MAIN ENTRY--PERSONAL NAME | |
| Personal name | Sexsmith, Robert G. |
| 100 ## - MAIN ENTRY--PERSONAL NAME | |
| Personal name | White, Richard N. |
| 245 #0 - TITLE STATEMENT | |
| Title | Ingeniería Estructural : Volumen 1. Introducción a los conceptos de análisis y diseño |
| 250 ## - EDITION STATEMENT | |
| Edition statement | 1a ed. |
| 260 ## - PUBLICATION, DISTRIBUTION, ETC. | |
| Place of publication, distribution, etc. | México, D.F. |
| 260 ## - PUBLICATION, DISTRIBUTION, ETC. | |
| Name of publisher, distributor, etc. | LIMUSA |
| 260 ## - PUBLICATION, DISTRIBUTION, ETC. | |
| Date of publication, distribution, etc. | 1976 |
| 300 ## - PHYSICAL DESCRIPTION | |
| Extent | 283 p. |
| 300 ## - PHYSICAL DESCRIPTION | |
| Other physical details | il., graf. |
| 500 ## - GENERAL NOTE | |
| General note | 1 ejemplar. Volumen 1 |
| 520 ## - SUMMARY, ETC. | |
| Summary, etc. | Establece la actividad de la ingeniería estructural, en el contexto del caso de estudio relativo al diseño de un puente A continuación se estudian los requisitos y cargas estructurales, la forma estructural, el análisis de las estructuras determinadas y e |
| 650 ## - SUBJECT ADDED ENTRY--TOPICAL TERM | |
| Topical term or geographic name entry element | DISEÑO ESTRUCTURAL |
| 650 ## - SUBJECT ADDED ENTRY--TOPICAL TERM | |
| Topical term or geographic name entry element | ESTRUCTURAS |
| 650 ## - SUBJECT ADDED ENTRY--TOPICAL TERM | |
| Topical term or geographic name entry element | INGENIERIA ESTRUCTURAL |
| 942 ## - ADDED ENTRY ELEMENTS (KOHA) | |
| Koha item type | Libros |
| Fecha de la última vez que lo usaron | Pago total | Signatura topográfica completa | Código de barras | Precio efectivo desde | Tipo de documento | Estado perdido | Estado dañado | No es para préstamo | Retirado | Ubicación permanente | Ubicación actual | Fecha de adquisición |
|---|---|---|---|---|---|---|---|---|---|---|---|---|
| 15/05/2020 | 624.04/W62/v.1 | Bib-Lima15051002 | 15/05/2020 | Libros | Biblioteca Central Lima | Biblioteca Central Lima | 15/05/2020 |